00546 2200193 4500001002100000005001500021035002000036007000300056008004100059082001100100084001700111100001800128245004100146260003800187500007600225650002600301856001700327990000800344INLIS00000000000020520220301081420 a0010-0322000003ta220301 g 0 ind  a297.36 a297.36 KHO p0 aKhoirur Rohim1 aPedoman Khutbah Juma'at (Satu Tahun) aSurabaya :bPustaka Agung Harapan aBimbingan muslim dalam menggapai kebahagiaann yang hakiki dunia akhirat 4aHari-hari Besar Islam aKoleksi Umum a753